Optimalizácia inokula na produkciu astaxanthínu pomocou Phaffia rhodozyma.

Na minha lista:
Detalhes bibliográficos
Autor principal: Pavlíková, Zuzana (Author)
Outros Autores: Čertík, Milan, 1962- (Thesis advisor)
Formato: Manuscrito Livro
Idioma:eslovaco
Assuntos:
Acesso em linha:http://is.stuba.sk/zp/portal_zp.pl?podrobnosti=92765
Tags: Adicionar Tag
Sem tags, seja o primeiro a adicionar uma tag!

MARC

LEADER 00000ntm a22000003a 4500
001 stuzp46873
003 SK-STU
005 20160229160113.4
007 ta
008 150427s2015----xo-----f-mn---000-0-slo-d
040 |a STU  |b slo 
041 0 |a slo 
100 1 |a Pavlíková, Zuzana  |u 044310  |4 aut  |U FCHPT Ústav biotechnológie a potravinárstva  |T FCHPT Oddelenie biochemickej technológie  |X 42769  |U C4310  |Y 116  |7 42769 
242 0 1 |a Optimization of inoculum for astaxanthin production by Phaffia rhodozyma  |y eng 
245 1 0 |a Optimalizácia inokula na produkciu astaxanthínu pomocou Phaffia rhodozyma. 
650 4 |a Phaffia rhodozyma  |2 slo 
650 4 |a Xanthophyllomyces dendrorhous  |2 slo 
650 4 |a astaxanthín  |2 slo 
650 4 |a Xanthophyllomyces dendrorhous  |2 eng 
650 4 |a astaxanthin  |2 eng 
650 4 |a Phaffia rhodozyma  |2 eng 
700 1 |a Čertík, Milan,  |d 1962-  |4 ths  |X 3922  |7 A000003922 
856 4 |u http://is.stuba.sk/zp/portal_zp.pl?podrobnosti=92765 
SQL |a stuzp46873  |b DBP  |c SLO  |d Optimalizácia inokula na produkciu astaxanthínu pomocou Phaffia rhodozyma.  |e 42769  |f Pavlíková, Zuzana  |g 044310  |h 3922  |i Čertík, Milan  |j 20140714  |k 752  |l 04  |m http://is.stuba.sk/zp/portal_zp.pl?podrobnosti=92765